MARC details
| 000 -CABECERA |
| campo de control de longitud fija |
01092nam a2200277 a 4500 |
| 001 - NÚMERO DE CONTROL |
| campo de control |
000021320 |
| 005 - FECHA Y HORA DE LA ÚLTIMA TRANSACCIÓN |
| campo de control |
20240412074250.0 |
| 008 - DATOS DE LONGITUD FIJA--INFORMACIÓN GENERAL |
| campo de control de longitud fija |
100906s2003 pr 000 0bspa d |
| 020 ## - NÚMERO INTERNACIONAL ESTÁNDAR DEL LIBRO |
| Número Internacional Estándar del Libro |
1932271147 |
| 040 ## - FUENTE DE LA CATALOGACIÓN |
| Centro catalogador/agencia de origen |
DO-SdBNP |
| Lengua de catalogación |
spa |
| Centro/agencia transcriptor |
BNPHU |
| 082 ## - NÚMERO DE LA CLASIFICACIÓN DECIMAL DEWEY |
| Número de clasificación |
PR868 .3 |
| Número de documento/Ítem |
H831zr |
| 100 1# - ENTRADA PRINCIPAL--NOMBRE DE PERSONA |
| Nombre de persona |
Rosa, Richard |
| 9 (RLIN) |
44556 |
| 245 14 - MENCIÓN DE TÍTULO |
| Título |
Los fantasmas de la razón : |
| Resto del título |
una lectura material de Hostos / |
| Mención de responsabilidad, etc. |
Richard Rosa. |
| 260 ## - PUBLICACIÓN, DISTRIBUCIÓN, ETC. |
| Lugar de publicación, distribución, etc. |
San Juan, Puerto Rico : |
| Nombre del editor, distribuidor, etc. |
Isla Negra, |
| Fecha de publicación, distribución, etc. |
2003. |
| 300 ## - DESCRIPCIÓN FÍSICA |
| Extensión |
252 p. ; |
| Dimensiones |
23 cm. |
| 490 1# - MENCIÓN DE SERIE |
| Mención de serie |
Visiones y cegueras |
| 500 ## - NOTA GENERAL |
| Nota general |
Incluye notas al pie de las páginas. |
| 504 ## - NOTA DE BIBLIOGRAFÍA, ETC. |
| Nota de bibliografía, etc. |
Bibliografía : p. 241-252 |
| 600 14 - PUNTO DE ACCESO ADICIONAL DE MATERIA--NOMBRE DE PERSONA |
| Nombre de persona |
HOSTOS Y BONILLA, EUGENIO MARÍA, |
| Fechas asociadas al nombre |
1839-1903 |
| Subdivisión general |
CRÍTICA E INTERPRETACIÓN |
| 9 (RLIN) |
44557 |
| 600 14 - PUNTO DE ACCESO ADICIONAL DE MATERIA--NOMBRE DE PERSONA |
| Nombre de persona |
HOSTOS Y BONILLA, EUGENIO MARÍA, |
| Fechas asociadas al nombre |
1839-1903 |
| Título de la obra |
LA PEREGRINACIÓN DE BAYOÁN |
| Subdivisión general |
CRÍTICA E INTERPRETACIÓN |
| 9 (RLIN) |
44558 |
| 650 #4 - PUNTO DE ACCESO ADICIONAL DE MATERIA--TÉRMINO DE MATERIA |
| Término de materia o nombre geográfico como elemento de entrada |
Novela puertorriqueña |
| Subdivisión general |
Crítica e interpretación |
| 9 (RLIN) |
44559 |
| 650 #4 - PUNTO DE ACCESO ADICIONAL DE MATERIA--TÉRMINO DE MATERIA |
| Término de materia o nombre geográfico como elemento de entrada |
Ensayos puertorriqueños |
| 9 (RLIN) |
8892 |
| 650 #0 - PUNTO DE ACCESO ADICIONAL DE MATERIA--TÉRMINO DE MATERIA |
| Término de materia o nombre geográfico como elemento de entrada |
Literatura dominicana. |
| 9 (RLIN) |
67 |
| 830 #0 - PUNTO DE ACCESO ADICIONAL DE SERIE-TÍTULO UNIFORME |
| Título uniforme |
Visiones y ceguera |
| 9 (RLIN) |
44560 |
| 910 ## - DATOS DE OPCIÓN DEL USUARIO (OCLC) |
| Datos de opción del usuario |
Validado. Control de calidad BNPHU |